Súčasný Dunaj a optimalizácia jeho rybárskeho hospodárstva
Vplyv zmien vodného toku Dunaja na rybárstvo a rybolov. Vplyv vodného diela Gabčíkovo na rozvoj rybárstva. Nové smery rozvoja rybárstva.
Salvato in:
| Autore principale: | |
|---|---|
| Natura: | Capitolo di libro |
| Lingua: | slovacco |
| Soggetti: | |
| Tags: |
Nessun Tag, puoi essere il primo ad aggiungerne!!
|
MARC
| LEADER | 00000naa a2200000 4500 | ||
|---|---|---|---|
| 001 | r020564 | ||
| 005 | 20221213101504.3 | ||
| 041 | 0 | |a slo | |
| 044 | |a SK | ||
| 245 | 1 | 0 | |a Súčasný Dunaj a optimalizácia jeho rybárskeho hospodárstva |c A. Kirka |
| 520 | |a Vplyv zmien vodného toku Dunaja na rybárstvo a rybolov. Vplyv vodného diela Gabčíkovo na rozvoj rybárstva. Nové smery rozvoja rybárstva. | ||
| 610 | 2 | 0 | |a Dunaj |
| 610 | 2 | 0 | |a Slovensko |
| 610 | 2 | 0 | |a toky vodné |
| 610 | 2 | 0 | |a hrádze |
| 610 | 2 | 0 | |a rybárstvo |
| 610 | 2 | 0 | |a rybolov |
| 610 | 2 | 0 | |a diela vodné |
| 610 | 2 | 0 | |a Gabčíkovo |
| 100 | 1 | |a Kirka, A. | |